| 000 | 00692nam a2200229Ia 4500 | ||
|---|---|---|---|
| 003 | OSt | ||
| 005 | 20250908145830.0 | ||
| 008 | 220923b |||||||| |||| 00| 0 urd d | ||
| 020 | _a18190348655 (hbk) | ||
| 037 | _cTB | ||
| 040 |
_aCRL _cCRL _burd |
||
| 041 |
_2urd _aurd |
||
| 084 |
_aO168,2N26x P7 _qCRL |
||
| 100 |
_aRifat Sarosh _9172755 |
||
| 245 | 0 | _aJahan-e-raqs-o-naghma | |
| 260 |
_aNoida _bNavrang Kitab Ghar India _c2007 |
||
| 300 |
_a544p. _ccm. |
||
| 650 |
_a URDU DRAMA _9820310 |
||
| 650 |
_aURDU LITERATURE _9820311 |
||
| 942 |
_hO168,2N26x, P7 _cTB _2CC _n0 |
||
| 999 |
_c421000 _d421000 |
||